<?xml version="1.0" encoding="UTF-8"?>
<collection xmlns="http://www.loc.gov/MARC21/slim">
 <record>
  <leader>01321nam a22002411  4500</leader>
  <controlfield tag="001">1/21259</controlfield>
  <controlfield tag="008">970508s1973    gr             000  gre d</controlfield>
  <datafield tag="035" ind1=" " ind2=" ">
   <subfield code="l">21885</subfield>
  </datafield>
  <datafield tag="040" ind1=" " ind2=" ">
   <subfield code="a">GR-PeUP</subfield>
  </datafield>
  <datafield tag="082" ind1="0" ind2="0">
   <subfield code="a">658 KL.</subfield>
  </datafield>
  <datafield tag="100" ind1="1" ind2=" ">
   <subfield code="a">Klein, Jacques.</subfield>
  </datafield>
  <datafield tag="245" ind1="1" ind2="0">
   <subfield code="a">Τί Είναι το Μάνατζμεντ /</subfield>
   <subfield code="c">Jacques Klein, Gerard Pedraglio, Andre Chalmel, Gilbert Millet, Philippe Simonnot; Γ. Σαπουντζάκη μέτ.</subfield>
  </datafield>
  <datafield tag="260" ind1=" " ind2=" ">
   <subfield code="a">Αθήναι:</subfield>
   <subfield code="b">Πάμισος,</subfield>
   <subfield code="c">1973.</subfield>
  </datafield>
  <datafield tag="300" ind1=" " ind2=" ">
   <subfield code="a">140 σ.;</subfield>
   <subfield code="c">20 εκ.</subfield>
  </datafield>
  <datafield tag="490" ind1="1" ind2=" ">
   <subfield code="a">Εγκυκλοπαίδεια της Επιχειρήσεως. Συλλογή Εκλεκτών Βιβλίων Ιδιωτικής Οικονομίας και Οργανώσεως Επιχειρήσεων ;</subfield>
  </datafield>
  <datafield tag="650" ind1=" " ind2="4">
   <subfield code="a">Διοίκηση και οργάνωση.</subfield>
  </datafield>
  <datafield tag="700" ind1="1" ind2=" ">
   <subfield code="a">Σαπουντζάκης, Γεώργιος,</subfield>
   <subfield code="e">μετ.</subfield>
  </datafield>
  <datafield tag="700" ind1="1" ind2=" ">
   <subfield code="a">Pedraglio, Gerard.</subfield>
  </datafield>
  <datafield tag="700" ind1="1" ind2=" ">
   <subfield code="a">Chalmel, Andre.</subfield>
  </datafield>
  <datafield tag="700" ind1="1" ind2=" ">
   <subfield code="a">Millet, Gilbert.</subfield>
  </datafield>
  <datafield tag="700" ind1="1" ind2=" ">
   <subfield code="a">Simonnot, Philippe.</subfield>
  </datafield>
  <datafield tag="830" ind1=" " ind2=" ">
   <subfield code="a">Εγκυκλοπαίδεια της Επιχειρήσεως. Συλλογή Εκλεκτών Βιβλίων Ιδιωτικής Οικονομίας και Οργανώσεως Επιχειρήσεων ;</subfield>
   <subfield code="v">20</subfield>
  </datafield>
  <datafield tag="852" ind1=" " ind2=" ">
   <subfield code="a">INST</subfield>
   <subfield code="b">UNIPILB</subfield>
   <subfield code="c">MAIN</subfield>
   <subfield code="e">20040709</subfield>
   <subfield code="h">658 KL.</subfield>
   <subfield code="p">00119484</subfield>
   <subfield code="q">00119484</subfield>
   <subfield code="t">LOAN</subfield>
   <subfield code="y">0</subfield>
   <subfield code="4">1</subfield>
  </datafield>
 </record>
</collection>
